[Exposición elevada a las Cortes... contra el establecimiento de un modus vivendi, seguido de un tratado de comercio con la Gran Bretaña]. (Record no. 173703)

MARC details
000 -LEADER
campo de control de longitud fija 00683nam a22001695i 4500
001 - NÚMERO DE CONTROL
campo de control 173703
003 - IDENTIFICADOR DE NÚMERO DE CONTROL
campo de control ES-MaACL
005 - FECHA Y HORA DE LA ÚLTIMA TRANSACCIÓN
campo de control 20250603172510.0
008 - DATOS DE LONGITUD FIJA--INFORMACIÓN GENERAL
campo de control de longitud fija 100112s1885 sp |||| | spa d
110 2# - ENTRADA PRINCIPAL--NOMBRE DE ENTIDAD CORPORATIVA
Nombre de entidad corporativa o nombre de jurisdicción como elemento de entrada Instituto de Fomento del Trabajo Nacional.
9 (RLIN) 134540
245 11 - MENCIÓN DEL TÍTULO
Título [Exposición elevada a las Cortes... contra el establecimiento de un modus vivendi, seguido de un tratado de comercio con la Gran Bretaña].
260 ## - PUBLICACIÓN, DISTRIBUCIÓN, ETC.
Lugar de publicación, distribución, etc. [Barcelona :
Nombre del editor, distribuidor, etc. s.n.,
Fecha de publicación, distribución, etc. 1885 (
Fabricante Suc. de N. Ramirez y Cª])
300 ## - DESCRIPCIÓN FÍSICA
Extensión 14 p. ;
Dimensiones 23 cm.
651 #7 - PUNTO DE ACCESO ADICIONAL DE MATERIA--NOMBRE GEOGRÁFICO
Nombre geográfico España-
Subdivisión general Comercio exterior-
Subdivisión geográfica Gran Bretaña
Fuente del encabezamiento o término
9 (RLIN) 172049
852 ## - LOCALIZACIÓN
Ubicación ES-MaACL
Número de control de estantería T-381-F-3
condición física .- Ejemplar sin portada
Holdings
Estatus retirado Estado de pérdida Estado de daño No para préstamo Colección Biblioteca de origen Biblioteca actual Ubicación en estantería Fecha de adquisición Fuente de adquisición Total de préstamos Signatura topográfica completa Código de barras Visto por última vez Precio de reemplazo Tipo de ítem Koha
        Colección de folletos Biblioteca del Ateneo de Madrid Biblioteca del Ateneo de Madrid Depósito folletos 12/01/2010     T-381-F-3 1182303 23/02/2023 23/02/2023 Folleto